<?xml version="1.0" encoding="UTF-8"?>
<record
    xmlns:xsi="http://www.w3.org/2001/XMLSchema-instance"
    xsi:schemaLocation="http://www.loc.gov/MARC21/slim http://www.loc.gov/standards/marcxml/schema/MARC21slim.xsd"
    xmlns="http://www.loc.gov/MARC21/slim">

  <leader>01281nam0a22002771  4500</leader>
  <controlfield tag="001">v19\rc\1952474</controlfield>
  <controlfield tag="005">20251118180926.3</controlfield>
  <datafield tag="035" ind1=" " ind2=" ">
    <subfield code="a">(NLR Aleph) 005037169</subfield>
  </datafield>
  <datafield tag="090" ind1=" " ind2=" ">
    <subfield code="a">6754094</subfield>
    <subfield code="c">6754094</subfield>
  </datafield>
  <datafield tag="100" ind1=" " ind2=" ">
    <subfield code="a">20080428d1913    u  y0rusy50      ca</subfield>
  </datafield>
  <datafield tag="101" ind1="0" ind2=" ">
    <subfield code="a">rus</subfield>
  </datafield>
  <datafield tag="102" ind1=" " ind2=" ">
    <subfield code="a">RU</subfield>
  </datafield>
  <datafield tag="105" ind1=" " ind2=" ">
    <subfield code="a">y   z   |||||</subfield>
  </datafield>
  <datafield tag="200" ind1="1" ind2=" ">
    <subfield code="a">&#x423;&#x441;&#x442;&#x430;&#x432;... &#x430;&#x43A;&#x446;&#x438;&#x43E;&#x43D;&#x435;&#x440;&#x43D;&#x43E;&#x433;&#x43E; &#x43E;&#x431;&#x449;&#x435;&#x441;&#x442;&#x432;&#x430; &#x43C;&#x430;&#x448;&#x438;&#x43D;&#x43E;&#x441;&#x442;&#x440;&#x43E;&#x438;&#x442;&#x435;&#x43B;&#x44C;&#x43D;&#x43E;&#x433;&#x43E; &#x437;&#x430;&#x432;&#x43E;&#x434;&#x430; "&#x413;.&#x42F;. &#x41A;&#x43E;&#x43B;&#x44C;&#x431; &#x438; &#x441;&#x44B;&#x43D;&#x43E;&#x432;&#x44C;&#x44F;" &#x441;&#x435;&#x43B;. &#x41D;&#x435;&#x439;-&#x41D;&#x430;&#x441;&#x441;&#x430;&#x443; &#x41C;&#x435;&#x43B;&#x438;&#x442;&#x43E;&#x43F;&#x43E;&#x43B;&#x44C;&#x441;&#x43A;. &#x443;&#x435;&#x437;&#x434;&#x430; &#x422;&#x430;&#x432;&#x440;. &#x433;&#x443;&#x431;.</subfield>
    <subfield code="e">[&#x423;&#x442;&#x432;. 2 &#x430;&#x432;&#x433;. 1913 &#x433;.]</subfield>
  </datafield>
  <datafield tag="210" ind1=" " ind2=" ">
    <subfield code="a">&#x41F;&#x440;&#x438;&#x448;&#x438;&#x431;, &#x422;&#x430;&#x432;&#x440;.</subfield>
    <subfield code="d">1913</subfield>
  </datafield>
  <datafield tag="215" ind1=" " ind2=" ">
    <subfield code="a">31 &#x441;.</subfield>
    <subfield code="d">21</subfield>
  </datafield>
  <datafield tag="532" ind1="1" ind2="3">
    <subfield code="a">&#x423;&#x441;&#x442;&#x430;&#x432; &#x430;&#x43A;&#x446;&#x438;&#x43E;&#x43D;&#x435;&#x440;&#x43D;&#x43E;&#x433;&#x43E; &#x43E;&#x431;&#x449;&#x435;&#x441;&#x442;&#x432;&#x430; &#x43C;&#x430;&#x448;&#x438;&#x43D;&#x43E;&#x441;&#x442;&#x440;&#x43E;&#x438;&#x442;&#x435;&#x43B;&#x44C;&#x43D;&#x43E;&#x433;&#x43E; &#x437;&#x430;&#x432;&#x43E;&#x434;&#x430; &#x413;.&#x42F;. &#x41A;&#x43E;&#x43B;&#x44C;&#x431; &#x438; &#x441;&#x44B;&#x43D;&#x43E;&#x432;&#x44C;&#x44F; &#x441;&#x435;&#x43B;. &#x41D;&#x435;&#x439;-&#x41D;&#x430;&#x441;&#x441;&#x430;&#x443; &#x41C;&#x435;&#x43B;&#x438;&#x442;&#x43E;&#x43F;&#x43E;&#x43B;&#x44C;&#x441;&#x43A;. &#x443;&#x435;&#x437;&#x434;&#x430; &#x422;&#x430;&#x432;&#x440;. &#x433;&#x443;&#x431;.:</subfield>
  </datafield>
  <datafield tag="702" ind1=" " ind2="1">
    <subfield code="a">&#x41A;&#x43E;&#x43B;&#x44C;&#x431;</subfield>
    <subfield code="b">&#x413;.&#x42F;.</subfield>
    <subfield code="4">570</subfield>
  </datafield>
  <datafield tag="710" ind1="0" ind2="2">
    <subfield code="a">&#x41C;&#x430;&#x448;&#x438;&#x43D;&#x43E;&#x441;&#x442;&#x440;&#x43E;&#x438;&#x442;&#x435;&#x43B;&#x44C;&#x43D;&#x44B;&#x439; &#x437;&#x430;&#x432;&#x43E;&#x434; "&#x413;.&#x42F;. &#x41A;&#x43E;&#x43B;&#x44C;&#x431; &#x438; &#x441;&#x44B;&#x43D;&#x43E;&#x432;&#x44C;&#x44F;"</subfield>
    <subfield code="c">&#x421;. &#x41D;&#x435;&#x439;-&#x41D;&#x430;&#x441;&#x441;&#x430;&#x443;, &#x41C;&#x435;&#x43B;&#x438;&#x442;&#x43E;&#x43F;&#x43E;&#x43B;&#x44C;&#x441;&#x43A;. &#x443;&#x435;&#x437;&#x434;</subfield>
  </datafield>
  <datafield tag="801" ind1=" " ind2="0">
    <subfield code="a">RU</subfield>
    <subfield code="b">NLR</subfield>
    <subfield code="g">psbo</subfield>
  </datafield>
  <datafield tag="801" ind1=" " ind2="0">
    <subfield code="a">RU</subfield>
    <subfield code="b">RuMoRGB</subfield>
    <subfield code="2">psbo</subfield>
  </datafield>
  <datafield tag="801" ind1=" " ind2="1">
    <subfield code="a">RU</subfield>
    <subfield code="b">ProSoft-M</subfield>
    <subfield code="2">rusmarc</subfield>
  </datafield>
  <datafield tag="852" ind1=" " ind2=" ">
    <subfield code="a">NLR</subfield>
    <subfield code="j">37.53.7.271</subfield>
  </datafield>
  <datafield tag="899" ind1=" " ind2=" ">
    <subfield code="a">RuMoRGB</subfield>
    <subfield code="j">V 118/284</subfield>
  </datafield>
  <datafield tag="942" ind1=" " ind2=" ">
    <subfield code="c">BOOK</subfield>
  </datafield>
  <datafield tag="980" ind1=" " ind2=" ">
    <subfield code="a">NB</subfield>
  </datafield>
  <datafield tag="995" ind1=" " ind2=" ">
    <subfield code="5">2013-10-26</subfield>
    <subfield code="b">NLR02</subfield>
    <subfield code="c">NLR02</subfield>
    <subfield code="e">RFS</subfield>
    <subfield code="f">5037169-10</subfield>
    <subfield code="k">37.53.7.271</subfield>
    <subfield code="o">0</subfield>
    <subfield code="r">BOOK</subfield>
    <subfield code="s">37537271_</subfield>
  </datafield>
</record>
